José Clemente Orozco (Record no. 4209)

MARC details
000 -CABECERA
campo de control de longitud fija 01069nam a2200241 a 4500
001 - NÚMERO DE CONTROL
campo de control BRCA_4503
005 - FECHA Y HORA DE LA ÚLTIMA TRANSACCIÓN
campo de control 20190320204708.0
008 - DATOS DE LONGITUD FIJA--INFORMACIÓN GENERAL
campo de control de longitud fija 220910s2010----mx-a######---#000-0#spa-#
020 ## - NÚMERO INTERNACIONAL ESTÁNDAR DEL LIBRO
Número Internacional Estándar del Libro 9786079016036
041 ## - CÓDIGO DE LENGUA
Código de lengua del texto/banda sonora o título independiente spa
044 ## - CÓDIGO DEL PAÍS DE LA ENTIDAD EDITORA/PRODUCTORA
Código MARC del país mx
050 #4 - SIGNATURA TOPOGRÁFICA DE LA BIBLIOTECA DEL CONGRESO
Número de clasificación ND259.O7
Número de documento/Ítem .J76 2010
245 10 - MENCIÓN DE TÍTULO
Título José Clemente Orozco
Resto del título pintura y verdad.
260 ## - PUBLICACIÓN, DISTRIBUCIÓN, ETC.
Lugar de publicación, distribución, etc. México
Nombre del editor, distribuidor, etc. Instituto Nacional de Bellas Artes y Literatura : Instituto Culturas Cabañas
Fecha de publicación, distribución, etc. 2010
300 ## - DESCRIPCIÓN FÍSICA
Extensión 603 p.
Otras características físicas il. (algunas a color)
Dimensiones 33 cm.
500 ## - NOTA GENERAL
Nota general Incluye cronología sobre la vida de José Clemente Orozco
500 ## - NOTA GENERAL
Nota general Catálogo de la exposición realizada en el Instituto Cultural Cabañas (Guadalajara, Jalisco, México), marzo - agosto, 2010 y en el Antiguo Colegio de San Ildelfonso (Ciudad de México), octubre, 2010 - enero, 2011
500 ## - NOTA GENERAL
Nota general Incluye piezas de la colección Franz Mayer: p. 118 y 120
546 ## - NOTA DE LENGUA/LENGUAJE
Nota de lengua/lenguaje Texto en español e inglés
600 14 - PUNTO DE ACCESO ADICIONAL DE MATERIA--NOMBRE DE PERSONA
Nombre de persona Orozco, José Clemente
Fechas asociadas al nombre 1883-1949
Subdivisión de forma Catálogos
9 (RLIN) 10830
650 14 - PUNTO DE ACCESO ADICIONAL DE MATERIA--TÉRMINO DE MATERIA
Término de materia o nombre geográfico como elemento de entrada Arte mexicano
Subdivisión de forma Catálogos
Subdivisión cronológica Siglo XX
Subdivisión geográfica México
9 (RLIN) 11405
942 ## - ELEMENTOS DE PUNTO DE ACCESO ADICIONAL (KOHA)
Fuente del sistema de clasificación o colocación Library of Congress Classification
Tipo de ítem Koha Libros
Holdings
Estado de retiro Estado de pérdida Estado dañado No para préstamo Localización permanente Ubicación/localización actual Fecha de adquisición Total de préstamos Signatura topográfica completa Código de barras Fecha visto por última vez Precio válido a partir de Tipo de ítem Koha
El ejemplar forma parte de la colección y puede ser consultado según las políticas vigentes.       Biblioteca del Museo Franz Mayer (Rogerio Casas-Alatriste) Biblioteca del Museo Franz Mayer (Rogerio Casas-Alatriste) 14/09/2010   ND259.O7 .J76 2010 02748 22/03/2019 22/03/2019 Libros